| Tag |
First Indicator |
Second Indicator |
Subfields |
| LEADER |
00000cam a2200000 i 4500 |
| 001 |
in00003715321 |
| 005 |
20190412191737.0 |
| 006 |
m o d |
| 007 |
cr ||||||||||| |
| 008 |
110107s2008 cau fo 001|0|eng|d |
| 020 |
|
|
|a 9781412963916 (ebook) :
|c No price
|
| 035 |
|
|
|a (StDuBDS)EDZ0000018982
|
| 040 |
|
|
|a StDuBDS
|b eng
|e rda
|c StDuBDS
|e pn
|d UtOrBLW
|
| 050 |
|
4 |
|a KF4117
|
| 082 |
0 |
4 |
|a 344.730703
|2 22
|
| 245 |
0 |
0 |
|a Encyclopedia of education law /
|c Charles J. Russo, editor.
|
| 264 |
|
1 |
|a Los Angeles, [Calif.] ;
|a London :
|b SAGE,
|c [2008]
|
| 264 |
|
4 |
|c ©2008
|
| 300 |
|
|
|a 1 online resource (2 volumes (xxxviii, 1012 pages))
|
| 336 |
|
|
|a text
|b txt
|2 rdacontent
|
| 337 |
|
|
|a computer
|b c
|2 rdamedia
|
| 338 |
|
|
|a online resource
|b cr
|2 rdacarrier
|
| 520 |
8 |
|
|a The 'Encyclopedia of Education Law' is a compendium of information drawn from the various dimensions of education law.
|
| 521 |
|
|
|a Specialized.
|
| 588 |
|
|
|a Description based on print version record.
|
| 504 |
|
|
|a Includes bibliographical references and index.
|
| 650 |
|
0 |
|a Educational law and legislation
|z United States
|v Encyclopedias.
|
| 650 |
|
0 |
|a Educational law and legislation
|z United States
|v Cases.
|0 http://id.loc.gov/authorities/subjects/sh2008102842
|
| 650 |
|
0 |
|a Educational law and legislation
|z United States
|x History.
|0 http://id.loc.gov/authorities/subjects/sh2009101807
|
| 650 |
|
0 |
|a Education
|z United States
|v Encyclopedias.
|
| 655 |
|
7 |
|a Electronic books.
|2 local
|
| 700 |
1 |
|
|a Russo, Charles J.
|0 http://id.loc.gov/authorities/names/nr94016726
|
| 776 |
1 |
8 |
|i Print version :
|z 9781412940795
|
| 856 |
4 |
0 |
|u http://proxy.library.tamu.edu/login?url=http://sk.sagepub.com/reference/educationlaw
|z Connect to the full text of this electronic book
|t 0
|
| 999 |
f |
f |
|s 522910c2-7e5d-3fef-8ba8-7ac4ac9346d7
|i 5e3c6f1d-24fc-3c17-9a28-06fefe99dffa
|t 0
|
| 952 |
f |
f |
|a Texas A&M University
|b College Station
|c Electronic Resources
|d Available Online
|t 0
|e KF4117
|h Library of Congress classification
|
| 998 |
f |
f |
|a KF4117
|t 0
|l Available Online
|